| 000 | 01319nam a2200385 c 4500 | ||
|---|---|---|---|
| 001 | 12222 | ||
| 003 | ES-MaCES | ||
| 005 | 20150925135630.0 | ||
| 008 | 010612s2001 sp d t o000 | spa d | ||
| 017 |
_aM 18794-2001 _bDL |
||
| 020 | _a8481881376 | ||
| 035 | _aCES20010007883m | ||
| 040 |
_aES-MaCES _bspa _cES-MaCES |
||
| 100 | 1 |
_aMartín Jiménez, Rodrigo _917965 |
|
| 245 | 1 | 4 |
_aLos actos administrativos laborales y su control jurisdiccional _cRodrigo Martín Jiménez |
| 250 | _a1ª ed | ||
| 260 |
_aMadrid _bConsejo Económico y Social _c2001 |
||
| 300 |
_aXXI, 392 p. _c23 cm |
||
| 490 | 1 |
_aColección Estudios _v105 |
|
| 541 | _cGratuito | ||
| 650 | 4 |
_aadministración pública _927214 |
|
| 650 | 4 |
_aprocedimiento administrativo _930919 |
|
| 650 | 4 |
_amecanismo de control _929918 |
|
| 650 | 4 |
_aseguridad social _927034 |
|
| 650 | 4 |
_aEspaña _926964 |
|
| 650 | 4 |
_aderecho administrativo _927155 |
|
| 650 | 4 |
_aderecho del trabajo _927165 |
|
| 653 | 1 | 0 | _aDerecho del trabajo y Seguridad Social |
| 650 | 4 |
_928369 _arelaciones laborales |
|
| 710 | 2 |
_aConsejo Económico y Social (España) _eed. _92408 |
|
| 830 | 0 |
_aColección Estudios (Consejo Económico y Social (España)) _v105 _932341 |
|
| 902 | _aLIB Libro | ||
| 942 |
_2CES _cBK _h6.0.1. |
||
| 999 |
_c12222 _d12222 |
||